Los nueve libros de la historia

Guardat en:
Dades bibliogràfiques
Autor principal: Heródoto (Autor)
Format: Llibre
Idioma:espanyol
Publicat: Ciudad de México Porrúa 1981
Edició:Tercera edición
Matèries:
Etiquetes: Afegir etiqueta
Sense etiquetes, Sigues el primer a etiquetar aquest registre!

MARC

LEADER 00000nam a2200000 a 4500
001 UCV9945
003 CL-VaPUC
005 20210604001528.0
008 930804e19810000MX |||||||||||||||||spa|d
999 |c 215215  |d 215213 
040 |c Pontificia Universidad Católica de Valparaíso 
082 0 4 |a 938 HER 1981  |2 21 
100 |a Heródoto  |e author  |9 318244 
245 1 4 |a Los nueve libros de la historia 
250 |a Tercera edición 
260 |a Ciudad de México  |b Porrúa  |c 1981 
300 |a 441 páginas 
583 |a last modification  |c 19930804 00:00:00  |k Rodrigo Vera 
650 0 |a Historia  |9 255047 
651 0 |a Grecia  |9 265314 
942 |c BK  |2 ddc 
945 |d 19930804 00:00:00 
952 |0 0  |1 0  |4 0  |6 938_000000000000000_HER_1981  |7 0  |8 P  |9 199250  |a BIBARQ  |b BIBARQ  |d 2019-11-14  |i 2665646  |l 7  |o 938 HER 1981  |p 2665646  |r 2025-01-20  |s 2021-07-06  |w 2019-11-14  |y BK  |k ARQ